Przystanki Linia 53 Szczecin - Statystyki

Ogólne statystyki
  • Ten quiz został rozwiązany 48 razy
  • Średni wynik to 21 z 34
Statystyki odpowiedzi
Numer Przystanek % Poprawnych
1 Stocznia Szczecińska
97%
31 Pomorzany
90%
34 Pomorzany Dobrzyńska
90%
16 Klonowica Zajezdnia
79%
22 Ku Słońcu
79%
9 Łękno
79%
17 Wernyhory
72%
14 Zawadzkiego
72%
11 Unii Lubelskiej
69%
12 Zajezdnia Pogodno
69%
15 Zawadzkiego Kościół
69%
20 Derdowskiego
66%
23 Dworska
66%
13 Rondo Olszewskiego
66%
8 Teatr Letni
66%
21 Kmieca
62%
5 Ofiar Oświęcimia
62%
7 Słowackiego
62%
26 Wierzbowa
62%
27 Białowieska
59%
2 Emilii Plater
59%
6 Kołłątaja
59%
29 Dunikowskiego
55%
30 Frysztacka
55%
28 Milczańska
52%
10 Wincentego Pola
48%
3 Plac Matki Teresy
45%
25 Braniborska
41%
32 Budziszyńska
41%
24 Chobolańska
41%
33 Inowrocławska
41%
19 Roweckiego
41%
18 Walentynowicz
41%
4 Szczanieckiej
34%
Nie znaleziono quizów pasujących do podanych kryteriów
Rozkład punktacji
Procent ludzi z każdym wynikiem
Percentyl według liczby udzielonych odpowiedzi
Twoja historia wyników
Nie rozwiązałeś tego quizu